000
00326nam a2200121Ia 4500
008
190802s9999 xx 000 0 und d
020
_a
13:978-81-8473-577-2
100
_a
Richard A.Harvey
245
0
_a
Lippincott's Illustrated Reviews Microbiology
260
_a
India
_b
Wolters Kluwer
_c
2014
300
_a
438:p
942
_c
BK
999
_c
2282
_d
2282